<?xml version="1.0" encoding="UTF-8"?>
<record
    xmlns:xsi="http://www.w3.org/2001/XMLSchema-instance"
    xsi:schemaLocation="http://www.loc.gov/MARC21/slim http://www.loc.gov/standards/marcxml/schema/MARC21slim.xsd"
    xmlns="http://www.loc.gov/MARC21/slim">

  <leader>01637nam a22001817a 4500</leader>
  <controlfield tag="003">OSt</controlfield>
  <controlfield tag="005">20251120103429.0</controlfield>
  <controlfield tag="008">230628b2018    ag ||||| |||| 00| 0 spa d</controlfield>
  <datafield tag="020" ind1=" " ind2=" ">
    <subfield code="a">978987702295</subfield>
  </datafield>
  <datafield tag="040" ind1=" " ind2=" ">
    <subfield code="b">spa</subfield>
    <subfield code="c">besoc</subfield>
  </datafield>
  <datafield tag="100" ind1="1" ind2=" ">
    <subfield code="a">Panozzo Zenere, Alejandra</subfield>
    <subfield code="e">autor</subfield>
  </datafield>
  <datafield tag="245" ind1="1" ind2="0">
    <subfield code="a">Se contempla, se experimenta :</subfield>
    <subfield code="b">modos de comunicar del Museo de Arte contempor&#xE1;neo /</subfield>
    <subfield code="c">Alejandra Panozzo Zenere</subfield>
  </datafield>
  <datafield tag="260" ind1=" " ind2=" ">
    <subfield code="a">Rosario :</subfield>
    <subfield code="b">UNR Editora,</subfield>
    <subfield code="c">2018</subfield>
  </datafield>
  <datafield tag="300" ind1=" " ind2=" ">
    <subfield code="a">157 p.</subfield>
  </datafield>
  <datafield tag="505" ind1="0" ind2=" ">
    <subfield code="a">Parte 1. Cap. 1. Los modelos muse&#xED;sticos, del museo moderno al museo contempor&#xE1;neo: A la b&#xFA;squeda de un estatuto epistemol&#xF3;gico para la museolog&#xED;a; Los modelos muse&#xED;sticos desde el siglo XVIII hasta nuestros d&#xED;as -- Cap. 2. Implicaciones y derivas de los museos de arte: El museo de arte entre dos sistemas, el art&#xED;stico y el capitalista; Rasgos del museo de arte contempor&#xE1;neo -- Cap. 3. El museo y su dimensi&#xF3;n comunicativa: El museo, un hecho comunicacional en su totalidad-- Parte 2. Cap. 4. Las instituciones culturales argentinas y su historia, dos museos: Breve historia de los museos de arte en Argentina; El Museo de Arte Contempor&#xE1;neo de Bah&#xED;a Blanca (MAC); El Museo de Arte Contempor&#xE1;neo de Rosario (MACRo) -- Cap. 4. Las pr&#xE1;cticas comunicaciones en dos museos de arte contempor&#xE1;neo argentinos: Exposiciones del MAC y del MACRo; Publicaciones del MAC y del MACRo; Plataformas digitales del MAC y del MACRo -- Cap. 6. Acerca de un modelo mixto en los modos de comunicar del Museo de Arte Contempor&#xE1;neo: Algunas pistas para pensar el museo en la contemporaneidad.</subfield>
  </datafield>
  <datafield tag="651" ind1=" " ind2="4">
    <subfield code="a">ARGENTINA</subfield>
    <subfield code="x">MUSEOS</subfield>
    <subfield code="x">ARTE CONTEMPOR&#xC1;NEO</subfield>
  </datafield>
  <datafield tag="942" ind1=" " ind2=" ">
    <subfield code="2">udc</subfield>
    <subfield code="c">LPD</subfield>
    <subfield code="n">0</subfield>
  </datafield>
  <datafield tag="999" ind1=" " ind2=" ">
    <subfield code="c">13</subfield>
    <subfield code="d">13</subfield>
  </datafield>
  <datafield tag="952" ind1=" " ind2=" ">
    <subfield code="0">0</subfield>
    <subfield code="1">0</subfield>
    <subfield code="2">udc</subfield>
    <subfield code="4">0</subfield>
    <subfield code="7">0</subfield>
    <subfield code="8">CG</subfield>
    <subfield code="a">ESOCIALES</subfield>
    <subfield code="b">ESOCIALES</subfield>
    <subfield code="d">2023-06-28</subfield>
    <subfield code="l">0</subfield>
    <subfield code="o">7.036 P195 Caja400/425</subfield>
    <subfield code="p">000401</subfield>
    <subfield code="r">2023-06-28 00:00:00</subfield>
    <subfield code="w">2023-06-28</subfield>
    <subfield code="y">LPD</subfield>
  </datafield>
</record>
